Faculty of Law Library — Cairo University

Official Online Catalog

Microeconomic theory : (Record no. 76651)

MARC details
000 -LEADER
fixed length control field 01075nam a2200349 i 4500
003 - CONTROL NUMBER IDENTIFIER
control field EG-GICUC
005 - DATE AND TIME OF LATEST TRANSACTION
control field 20260512112136.0
008 - FIXED-LENGTH DATA ELEMENTS--GENERAL INFORMATION
fixed length control field 950315s1995 txua frb 001 0 eng d
020 ## - INTERNATIONAL STANDARD BOOK NUMBER
International Standard Book Number 0030075548
020 ## - INTERNATIONAL STANDARD BOOK NUMBER
International Standard Book Number 9780030075544
020 ## - INTERNATIONAL STANDARD BOOK NUMBER
International Standard Book Number 9780030152337
020 ## - INTERNATIONAL STANDARD BOOK NUMBER
International Standard Book Number 003015233X
040 ## - CATALOGING SOURCE
Original cataloging agency DLC
Transcribing agency DLC
Language of cataloging eng
Modifying agency EG-GiCUC
Description conventions rda
050 00 - LIBRARY OF CONGRESS CALL NUMBER
Classification number HB172
Item number .N49 1995
082 00 - DEWEY DECIMAL CLASSIFICATION NUMBER
Classification number 338.5
Edition number 21
092 04 - LOCALLY ASSIGNED DEWEY CALL NUMBER (OCLC)
Edition number 21
099 ## - LOCAL FREE-TEXT CALL NUMBER (OCLC)
Classification number Law 13 1995
100 1# - MAIN ENTRY--PERSONAL NAME
Personal name Nicholson, Walter.
245 10 - TITLE STATEMENT
Title Microeconomic theory :
Remainder of title basic principles and extensions /
Statement of responsibility, etc. Walter Nicholson.
250 ## - EDITION STATEMENT
Edition statement 6th edition.
264 ## - PRODUCTION, PUBLICATION, DISTRIBUTION, MANUFACTURE, AND COPYRIGHT NOTICE
Place of production, publication, distribution, manufacture Fort Worth :
Name of producer, publisher, distributor, manufacturer Dryden Press,
Date of production, publication, distribution, manufacture, or copyright notice 1995.
300 ## - PHYSICAL DESCRIPTION
Extent xxiii, 901 pages :
Other physical details ill.ustrations;
Dimensions 25 cm.
336 ## - CONTENT TYPE
Content type term text
Source rdacontent
337 ## - MEDIA TYPE
Media type term Computer
Source rdamedia
338 ## - CARRIER TYPE
Carrier type term Online Resource
Source rdacarrier
440 #4 - SERIES STATEMENT/ADDED ENTRY--TITLE
Title The Dryden Press series in economics
504 ## - BIBLIOGRAPHY, ETC. NOTE
Bibliography, etc. note Includes bibliographical references and indexes.
650 #0 - SUBJECT ADDED ENTRY--TOPICAL TERM
Topical term or geographic name entry element Microeconomics.
856 40 - ELECTRONIC LOCATION AND ACCESS
Uniform Resource Identifier <a href="https://fll.law.cu.edu.eg/fulltext/bks/ENGB13-00131.pdf">https://fll.law.cu.edu.eg/fulltext/bks/ENGB13-00131.pdf</a>
905 ## - Cataloger and Reviser Names
Cataloger Name: Hend El khosy
942 ## - ADDED ENTRY ELEMENTS (KOHA)
Source of classification or shelving scheme Dewey Decimal Classification
Koha item type Books
Edition 21
Suppress in OPAC No
Holdings
Withdrawn status Lost status Source of classification or shelving scheme Damaged status Not for loan Collection Home library Current library Date acquired Total checkouts Full call number Barcode Date last seen Copy number Price effective from Koha item type Public note
    Dewey Decimal Classification     المالية العامة والتشريع الضريبي جــــامعة القــاهرة مكتبة كلية الحقوق - فـرع الشيخ زايد 12.05.2026   Law2 13 338.5 NI . M 6 ed - 1995 1300131 C1 ENGB13-00131 12.05.2026 1 12.05.2026 Books 2204

© All rights reserved — Faculty of Law, Cairo University